000 00586nam a2200241Ia 4500
003 OSt
005 20221005120538.0
006 a|||||r|||| 00| 0
007 ta
008 221004b |||||||| |||| 00| 0 tam d
024 _a52542
037 _cTextual
040 _aCRL
_cCRL
_btam
041 _2tam
_atam
082 _aY1wN02,1, 31K7
100 _aElwin
_9629321
245 0 _aElwin kanda pazhankuti makkal
260 _c1967
300 _a261p.
_ccm.
650 _aSOCIOLOGY
942 _hY1wN02,1, 31K7
_cTEXL
_2cc
999 _c1038391
_d1038391